000 00358nam a22001457a 4500
020 _qPB.
040 _cFIZZA ISHAQ
082 _a005.133
_bPAU
100 _aDEITEL, HARVEY DEITEL PAUL.
_989193
245 _aJAVA HOW TO PROGRAM /
_cPAUL DEITEL HARVEY DEITEL.
250 _a11th ED.
260 _bPEARSON,
_c2018.
300 _a1286 P. ;
942 _2ddc
_cBK
999 _c588006
_d588006